000 00988cam a22002653a 4500
001 2486
003 PGUSA
005 20140828083015.0
008 010101s2001||||xxu|||||s|||||000 1 eng d
040 _aPGUSA
_beng
042 _adc
050 4 _aPZ
050 4 _aPS
100 1 _aStowe, Harriet Beecher,
_d1811-1896
245 1 0 _aQueer Little Folks
_h[electronic resource] /
_cHarriet Beecher Stowe
260 _bProject Gutenberg,
_c2001
505 0 _aHen that hatched ducks -- The Nutcrackers of Nutcracker Lodge -- The history of Tip-Top -- Miss Katy-Did and Miss Cricket -- Mother Magpie's mischief -- The squirrels that live in a house -- Hum, the son of Buz -- Our country neighbours -- The diverting history of little Whiskey.
506 _aPublic domain in the USA.
516 _aElectronic text
653 _aAnimals -- Fiction
653 _aAnimals -- Anecdotes
830 0 _aProject Gutenberg
_v2486
856 4 0 _uhttp://www.gutenberg.org/ebooks/2486
942 _cEB
999 _c231823
_d231823